000 00214 a2200097 4500
020 _a9781878067500
041 _aspa
100 _aM. zambrano myrna
245 _aŁNo mas! guia para la mujer golpeada
942 _cBK
999 _c11229
_d11229